The Office (USA) seasons 1-3 - Statistics

General Stats
  • This quiz has been taken 31 times
  • The average score is 10 of 15
Answer Stats
Question Answer % Correct
Who is the first character Michael actually fires? Deven
100%
Kate, Jim's first girlfriend on the show, tries to sell what to the office (which Dwight then purchases for himself)? handbags
100%
Kevin wins a gold medal after he fit loads of what into his mouth? MnMs
100%
Who is Pam originally engaged to? Roy
100%
What does Jim get Pam for Christmas in Office Secret Santa? Teapot
100%
Jim, during an audacious prank, moves Dwight's desk where? the bathroom
100%
After burning his foot on a foreman grill, Michael considers himself a what? A disabled person
75%
whilst teaching the office Indian and Hindu culture, Michael claims Diwali is like: Hindu Halloween
75%
In the very first episode what "prank" does Michael and Ryan play on Pam? she gets fired
75%
who punches a hole in the wall after losing their phone? Andy
50%
where do Jan and Michael take a Christmas trip to? Sandles, Jamaica
50%
What's Meredith's favourite drink? Vodka
50%
what's Ryan, the temp's nickname? fire guy
25%
Having been to Prison, Prison Mike claims the only food you can get there is? Gruel or Gruel sandwiches
25%
Does Michael after saving a life, his own, consider himself a hero? He really can't say, but yes
0%
No matching quizzes found
Score Distribution
Percent of People with Each Score
Percentile by Number Answered
Your Score History
You have not taken this quiz